000 01211njm a22002537a 4500
005 20100908160653.0
006 a|||||r|||||00| 0
007 sd ammalaaahaa
008 100908t xxu||||| |||| 00| 0 eng d
028 _aN.54748
_bHis Master's Voice
035 _aGR-01333
040 _aSED
_cSED
100 _917690
_aMohd.Rafi
245 _aHimalay Ki God Mein /
_csung by Mohd. Rafi,Usha Timoti & Chorus; music by Kaiyanji Anandji; Lyric by Anand Bakshi
_h[Sound Recording] :
246 _aहिमालय की गोद में /
260 _aDum Dum India
_bHis Master's Voice
300 _a1 sound disc (Gramophone Recording)
_banalog, 33 1/3 rpm
_c9.5 in. (MP)
_fGramophone Record
500 _aBrief Record
505 _aSide-1 तू रात खरी थी शत्पे १ (Tu Raat Khari Thi Shatpe 1) (Mohd.Rafi,Usha Timoti & Chorus) -- Side-2 तू रात खरी थी शत्पे २ (Tu Raat Khari Thi Shatpe 2) (Mohd.Rafi,Usha Timoti & Chorus)
650 _aMotion Picture Music
_xExcerpts
_zIndia
_917691
700 _aTimoti, Usha
_918840
942 _2ddc
_cGR
999 _c44616
_d44616